000 00675nam a2200241Ia 4500
003 OSt
005 20220923214216.0
006 a|||||r|||| 00| 0
007 ta
008 220922b |||||||| |||| 00| 0 hin d
024 _a167,935
037 _cTextual
040 _aARTS
_cARTS
_bhin
041 _2hin
_ahin
082 _aO152,1M08x, G3
100 _aरत्नसिंह
_9156277
245 0 _aनटनागर-विनोद
246 _aNaṭanāgara-vinoda
260 _c1935
650 _aहिन्दी साहित्य
_9156264
942 _hO152,1M08x, G3
_cTEXL
_2CC
999 _c322405
_d322405